000 00467nam a2200181Ia 4500
001 3903
005 20260306145717.0
008 260306t2022||||xx |||||||||||||| ||spa||
041 _aESP
082 _a305.40985
_bJ26
110 _aMinisterio de Cultura del Perú
245 0 _aDiana Jáuregui :
_buna historia de resistencia contra el terror
260 _c2022
300 _a63 páginas :
_c24 cm.
650 _aGEN
654 _aCHU
942 _cLIB
_dJUS
_fJUS
_2ddc
_n
999 _c3903
_d3903